000
002390000a22000970004500
100
1
_a
Gilliand, Dean S.
245
1
0
_a
Relief organization as prophetic movements
300
_a
Núm 9 (1985), Páginas 29-31
773
0
_t
Together
942
_c
ANA
999
_c
56956
_d
56956